Terrassa : 100 anys a ritme de llançadora / exposició, guió: Josep Benaúl ... [et al.] 100 anys a ritme de llançadora / exposició, guió:
Descripción Física:
7 p. ; 21 cm
MARC
| LEADER | 00000nam a2200000Ia 4500 | ||
|---|---|---|---|
| 001 | 14854 | ||
| 008 | 160829s9999 xx 000 0 cat d | ||
| 080 | |a FU-31-31 | ||
| 245 | |a Terrassa : |b 100 anys a ritme de llançadora / exposició, guió: |b Josep Benaúl ... [et al.] | ||
| 260 | |a Terrassa : |b Museu Tèxtil, Diputació de Barcelona, DL 1992 | ||
| 300 | |a 7 p. ; |c 21 cm | ||
| 590 | |a Catàleg de l'exposició | ||
| 650 | |a Indústria tèxtil |x Terrassa |x Història |x Exposicions |9 28953 | ||
| 710 | 2 | |a Museu Tèxtil de Terrassa |9 54997 | |
| 901 | |a Arxiu | ||
| 942 | |n 1 | ||
| 952 | |0 0 |1 0 |4 0 |6 FU3131 |7 1 |9 44985 |a Arxiu |b Arxiu |d 2016-12-01 |l 0 |o FU-31-31 |p 14854 |r 2016-12-01 00:00:00 |w 2016-12-01 |y ARXIU | ||
| 999 | |c 47588 |d 47588 | ||